Ч. 2; Курс алгебры и теории чисел в задачах и упражнениях

Bibliographic Details
Parent link:Курс алгебры и теории чисел в задачах и упражнениях: учебное пособие для педагогических институтов/ Л. Б. Шнеперман. Ч. 2.— , 1987-
Language:Russian
Published: 1987
Subjects:
Format: Book
KOHA link:https://koha.lib.tpu.ru/cgi-bin/koha/opac-detail.pl?biblionumber=256382

MARC

LEADER 00000nam2a2200000 4500
001 256382
005 20231101233118.0
020 |a RU  |b 86-82366 
035 |a (RuTPU)RU\TPU\book\279057 
090 |a 256382 
100 |a 20140408g1986 m a0rusy5003 ca 
101 0 |a rus 
102 |a BY 
105 |a y j 001zy 
200 0 |a Ч. 2 
210 |d 1987 
215 |e (ил.)  |a 256 с. 
461 1 |0 (RuTPU)RU\TPU\book\299902  |t Курс алгебры и теории чисел в задачах и упражнениях  |o учебное пособие для педагогических институтов  |o в 2 ч.  |f Л. Б. Шнеперман  |v Ч. 2  |d 1987- 
606 1 |a Алгебра  |2 stltpush  |3 (RuTPU)RU\TPU\subj\1723  |9 30429 
606 1 |a Чисел теория  |2 stltpush  |3 (RuTPU)RU\TPU\subj\18752  |9 44127 
610 1 |a учебные пособия 
610 1 |a задачи 
610 1 |a упражнения 
610 1 |a группы 
610 1 |a теоретико-групповые конструкции 
610 1 |a сравнения 
610 1 |a многочлены 
610 1 |a теория Галуа 
675 |a 512(075.8)  |z rus 
675 |a 511(075.8)  |z rus 
801 0 |a RU  |b RuMRKP  |c 19950704  |g psbo 
801 1 |a RU  |b 63413507  |c 20140408 
801 2 |a RU  |b 63413507  |c 20141125  |g RCR 
942 |c BK